An introduction to Animal Husbandry in the Tropics (Record no. 6282)

MARC details
000 -LEADER
fixed length control field 00565nam a22002057a 4500
003 - CONTROL NUMBER IDENTIFIER
control field OSt
005 - DATE AND TIME OF LATEST TRANSACTION
control field 20210315124707.0
008 - FIXED-LENGTH DATA ELEMENTS--GENERAL INFORMATION
fixed length control field 190830b ||||| |||| 00| 0 eng d
020 ## - INTERNATIONAL STANDARD BOOK NUMBER
International Standard Book Number 9780632041930
040 ## - CATALOGING SOURCE
Transcribing agency DDC
082 ## - DEWEY DECIMAL CLASSIFICATION NUMBER
Classification number 636 PAY 1999
100 ## - MAIN ENTRY--PERSONAL NAME
Personal name Payne, William J.; Wilson, Trevor R.
9 (RLIN) 12897
245 ## - TITLE STATEMENT
Title An introduction to Animal Husbandry in the Tropics
250 ## - EDITION STATEMENT
Edition statement 5th ed.
260 ## - PUBLICATION, DISTRIBUTION, ETC. (IMPRINT)
Place of publication, distribution, etc. New Jersey;
Name of publisher, distributor, etc. John Wiley,
Date of publication, distribution, etc. 1999
300 ## - PHYSICAL DESCRIPTION
Extent ix,815p;
Other physical details ill:
Dimensions 26cm
650 ## - SUBJECT ADDED ENTRY--TOPICAL TERM
Topical term or geographic name as entry element Animal husbandry
9 (RLIN) 12898
650 ## - SUBJECT ADDED ENTRY--TOPICAL TERM
Topical term or geographic name as entry element Agriculture
9 (RLIN) 4591
942 ## - ADDED ENTRY ELEMENTS (KOHA)
Source of classification or shelving scheme Other/Generic Classification Scheme
Koha item type Book Bank
Holdings
Withdrawn status Lost status Source of classification or shelving scheme Damaged status Not for loan Home library Current library Date acquired Inventory number Total Checkouts Full call number Barcode Date last seen Koha item type
    Dewey Decimal Classification     MUST Main Library MUST Main Library 30/08/2019 19/40732   636 PAY 1999 2019-0333 30/08/2019 Open Shelf
    Dewey Decimal Classification     MUST Main Library MUST Main Library 30/08/2019 19/40733   636 PAY 1999 2019-0334 30/08/2019 Open Shelf
    Dewey Decimal Classification     MUST Main Library MUST Main Library 30/08/2019 19/40734   636 PAY 1999 2019-0335 30/08/2019 Open Shelf
    Dewey Decimal Classification     MUST Main Library MUST Main Library 30/08/2019 19/40735   636 PAY 1999 2019-0336 30/08/2019 Open Shelf